CCNA : (Record no. 1323)
[ view plain ]
| 000 -LEADER | |
|---|---|
| fixed length control field | 00810cam a22002292 4500 |
| 001 - CONTROL NUMBER | |
| control field | 0000023394 |
| 005 - DATE AND TIME OF LATEST TRANSACTION | |
| control field | 20151021151146.0 |
| 008 - FIXED-LENGTH DATA ELEMENTS--GENERAL INFORMATION | |
| fixed length control field | 121120s xx 000 0 eng d |
| 020 ## - INTERNATIONAL STANDARD BOOK NUMBER | |
| International Standard Book Number | 8126506792 : |
| 040 ## - CATALOGING SOURCE | |
| Original cataloging agency | KABU |
| Transcribing agency | KABU |
| 100 1# - MAIN ENTRY--PERSONAL NAME | |
| Personal name | Lammle, Todd. |
| -- | 0000170122 |
| 245 10 - TITLE STATEMENT | |
| Title | CCNA : |
| Remainder of title | Cisco certifired network associate, fast pass / |
| Statement of responsibility, etc. | Todd Lammle. |
| 250 ## - EDITION STATEMENT | |
| Edition statement | 2nd ed. |
| 260 ## - PUBLICATION, DISTRIBUTION, ETC. (IMPRINT) | |
| Place of publication, distribution, etc. | New Delhi : |
| Name of publisher, distributor, etc. | Wiley India, |
| Date of publication, distribution, etc. | 2005. |
| 300 ## - PHYSICAL DESCRIPTION | |
| Extent | xvi, 366 p. |
| 650 #0 - SUBJECT ADDED ENTRY--TOPICAL TERM | |
| Topical term or geographic name as entry element | Electronic data processing personnel |
| General subdivision | Certification. |
| -- | 0000154258 |
| 650 #0 - SUBJECT ADDED ENTRY--TOPICAL TERM | |
| Topical term or geographic name as entry element | Computer networks |
| General subdivision | Examinations |
| -- | Study guides. |
| -- | 0000154259 |
| 852 1# - LOCATION | |
| -- | p1030 KES |
| 852 1# - LOCATION | |
| -- | p1030 KES |
| 908 ## - PUT COMMAND PARAMETER (RLIN) | |
| Put command parameter | 121120 |
| 950 ## - LOCAL HOLDINGS (RLIN) | |
| -- | 1 |
| Withdrawn status | Lost status | Source of classification or shelving scheme | Not for loan | Home library | Current library | Date acquired | Total Checkouts | Full call number | Barcode | Date last seen | Date last checked out | Price effective from | Koha item type | Total Renewals |
|---|---|---|---|---|---|---|---|---|---|---|---|---|---|---|
| Library of Congress Classification | Kabarak, Nakuru City Campus | Kabarak, Main Campus | 21/10/2015 | 1 | QA76.3 .L36 2005 c. 1 | 014081 | 12/02/2025 | 20/01/2025 | 21/10/2015 | General Collection | ||||
| Library of Congress Classification | Kabarak, Nakuru City Campus | Kabarak, Main Campus | 21/10/2015 | 1 | QA76.3 .L36 2005 c. 2 | 015470 | 23/10/2025 | 23/09/2025 | 21/10/2015 | General Collection | 1 |